Gaturro 12 /
Guardado en:
| Autor Principal: | |
|---|---|
| Formato: | Libro |
| Publicado: |
Buenos Aires :
Ediciones de la Flor,
2009
|
| Materias: | |
| Etiquetas: |
Agregar Etiqueta
Sin Etiquetas, Sea el primero en etiquetar este registro!
|
| LEADER | 00588nam a22002175a 4500 | ||
|---|---|---|---|
| 001 | CEM.cems014777 | ||
| 005 | 20170614180956.0 | ||
| 008 | 130507s2009##################000#0#####d | ||
| 003 | CEMS | ||
| 020 | |a 9789505157914 | ||
| 082 | 0 | 4 | |a A867.4 |
| 100 | 1 | |a Nik | |
| 245 | 1 | 0 | |a Gaturro 12 / |c Nik (seudónimo) |
| 260 | |a Buenos Aires : |b Ediciones de la Flor, |c 2009 | ||
| 300 | |a 96 p. | ||
| 653 | |a Humor | ||
| 653 | |a Historieta argentina | ||
| 653 | |a Historieta | ||
| 653 | |a Literatura | ||
| 653 | |a Literatura argentina | ||
| 859 | |a CEMS |b BIB. CEMS - 11 de abril |h A867.4 |i N583 |p 27367.17 |t Ej.1 |v 12 |3 12 | ||
